[Event "TCh-CZE 2010-11"]
[Site "Czech Rep CZE"]
[Date "2011.04.16"]
[Round "10.4"]
[White "Rasik,V"]
[Black "Luch,M"]
[Result "1-0"]
[WhiteElo "2502"]
[BlackElo "2387"]

1.e4 c5 2.Nf3 e6 3.d4 cxd4 4.Nxd4 Nc6 5.Nc3 Qc7 6.Be3 a6 7.Qd2 Nf6 8.O-O-O Be7
9.f3 O-O 10.g4 b5 11.g5 Nh5 12.Rg1 Rd8 13.Qf2 Nxd4 14.Bxd4 Rb8 15.Kb1 b4
16.Ne2 e5 17.Ba7 Rb7 18.Be3 g6 19.f4 exf4 20.Nxf4 Nxf4 21.Bxf4 d6 22.h4 Be6
23.h5 Qa5 24.b3 d5 25.exd5 Rbd7 26.Bc1 Bxd5 27.Bd3 Bc5 28.Be3 Bxe3 29.Qxe3 Qc7
30.Rde1 gxh5 31.Bf5 Rd6 32.Qh3 Qc3 33.Qxh5 Qg7 34.Rg3 Be6 35.Bd3 Rd5 36.Be4 Ra5
37.Qh4 Kf8 38.g6  1-0

[Event "13th Dubai Open"]
[Site "Dubai UAE"]
[Date "2011.04.16"]
[Round "6"]
[White "Sanal,V"]
[Black "Swapnil,SD"]
[Result "1/2-1/2"]
[WhiteElo "2200"]
[BlackElo "2411"]

1.e4 c5 2.Nf3 e6 3.Nc3 Nc6 4.d4 cxd4 5.Nxd4 Qc7 6.g3 a6 7.Bg2 d6 8.O-O Bd7
9.Nce2 Nf6 10.b3 Nxd4 11.Nxd4 e5 12.Ne2 Be7 13.a4 O-O 14.Ba3 Rfc8 15.c3 b5
16.axb5 axb5 17.Qd3 Be6 18.Qxb5 Rab8 19.Qd3 Rxb3 20.Bb4 Rb2 21.Qe3 Ng4 22.Qf3 Bc4
23.Rfe1 Nf6 24.Qe3 Qc6 25.Bf3 h6 26.h4 Qb5 27.Ba3 Rc2 28.Reb1 Qc6 29.Rb6 Qc7
30.Rb2 Rxb2 31.Bxb2 Qb7 32.Ba3 Ra8 33.Qc1 Bxe2 34.Bxe2 Qxe4 35.Bf1 Ra4 36.Rb1 Qa8
37.Bg2 e4 38.Bb4 Qa7 39.Qf4 Ra2 40.Rf1 d5 41.Bxe7 Qxe7 42.Rb1 Ra8 43.Bh3 Re8
44.Qe3 Qc7 45.Ra1 Rb8 46.Qd4 Qb6 47.Qd2 Qb2 48.Qe1 g6 49.Ra6 Rb6 50.Ra8+ Rb8
51.Ra6 Qb1 52.Qxb1 Rxb1+ 53.Kg2 Kg7 54.Ra7 Kf8 55.Ra8+ Kg7 56.Ra7 Rb6 57.Rc7 Rd6
58.Kf1 h5 59.Ke2 Rb6 60.Kf1 Rd6 61.Ke2 Ng4 62.Bxg4 hxg4 63.Ke3 Rf6 64.Rc5 Rf3+
65.Ke2 Rd3 66.Rc6 Kf8 67.Rc7 Ke8 68.c4 d4 69.Rc5 f5 70.h5 gxh5 71.Rxf5 Rf3
72.Re5+ Kd7 73.Rxe4 d3+ 74.Kd2 Kd6 75.Re3 Rxf2+ 76.Kxd3 Rh2  1/2-1/2

[Event "ch-DEN"]
[Site "Odense DEN"]
[Date "2011.04.16"]
[Round "1"]
[White "Aagaard,J"]
[Black "Rasmussen,A"]
[Result "1/2-1/2"]
[WhiteElo "2528"]
[BlackElo "2538"]

1.e4 c5 2.Nf3 e6 3.d4 cxd4 4.Nxd4 Nc6 5.Nc3 Qc7 6.Be3 a6 7.Qd2 Nf6 8.O-O-O Be7
9.f4 b5 10.e5 b4 11.exf6 bxc3 12.Qxc3 Bxf6 13.g4 h6 14.h4 Bb7 15.Rh2 Rc8
16.Qd2 Be7 17.Kb1 Nb4 18.Nb3 Bf3 19.Rc1 Bxg4 20.Bd4 O-O 21.Be2 Bf5 22.Bf3 f6
23.Rg2 Qc4 24.Bc3 Nd5 25.Rcg1 Rf7 26.Bh5 Bf8 27.Bxf7+ Kxf7 28.Rg3 Qxf4 29.Qe2 Qe4
30.Qf2 g6 31.Nd4 Nxc3+ 32.Rxc3 Rxc3 33.bxc3 Bc5 34.Re1 Qb7+ 35.Ka1 e5 36.Qe2 Ba3
37.Rb1 Qc7 38.Rb3 exd4 39.Rxa3 Qc5 40.Kb2 a5 41.Qd2 Be6 42.cxd4 Qb5+ 43.Kc1 a4
44.Qxh6 Qf1+ 45.Kd2 Qg2+ 46.Kc3 Qc6+ 47.Kd2 Qg2+ 48.Kc3 Qc6+ 49.Kd2  1/2-1/2

[Event "12th TCh-RUS Women"]
[Site "Olginka RUS"]
[Date "2011.04.16"]
[Round "1"]
[White "Kovanova,B"]
[Black "Vasilevich,I"]
[Result "0-1"]
[WhiteElo "2376"]
[BlackElo "2324"]

1.e4 c5 2.Nf3 e6 3.d4 cxd4 4.Nxd4 Nc6 5.Nc3 Qc7 6.g3 a6 7.Bg2 d6 8.O-O Bd7
9.Re1 Be7 10.Nxc6 Bxc6 11.Qd4 Nf6 12.Nd5 Bxd5 13.exd5 e5 14.Qa4+ b5 15.Qb3 Nd7
16.a4 Rb8 17.axb5 axb5 18.Be3 O-O 19.Ra7 Qd8 20.Bf1 e4 21.Bd4 Bf6 22.Bxf6 Nxf6
23.Ra6 b4 24.Qc4 Qe7 25.Bg2 Rfc8 26.Qe2 g6 27.f3 Qe5 28.fxe4 Qxb2 29.Rc6 Qe5
30.Qc4 Re8 31.Qd3 Ra8 32.Rf1 Ra1 33.Rc4 Rxf1+ 34.Qxf1 Ng4 35.Qf3 Qa1+ 36.Bf1 Ne5
37.Qb3 Nxc4 38.Qxc4 Qe1  0-1

[Event "Branko Vukmanovic Mem Open"]
[Site "Tivat MNE"]
[Date "2011.04.16"]
[Round "1.10"]
[White "Drobne,M"]
[Black "Abramovic,B"]
[Result "0-1"]
[WhiteElo "2093"]
[BlackElo "2476"]

1.e4 c5 2.Nf3 e6 3.d4 cxd4 4.Nxd4 Nc6 5.Nc3 a6 6.Be3 Nf6 7.Be2 d6 8.O-O Bd7
9.f4 Be7 10.Kh1 O-O 11.Qd2 b5 12.a3 Rc8 13.Nxc6 Bxc6 14.Bf3 Qc7 15.Rad1 Qb7
16.Qd4 a5 17.e5 Bxf3 18.Rxf3 dxe5 19.Qxe5 b4 20.axb4 axb4 21.Ne2 Rxc2 22.Bd4 Rd8
23.Rg3 g6 24.Ra1 Rxe2 25.Qxe2 Rxd4  0-1

[Event "TCh-CZE 2010-11"]
[Site "Czech Rep CZE"]
[Date "2011.04.17"]
[Round "11.5"]
[White "Ponizil,C"]
[Black "Stachowiak,K"]
[Result "1/2-1/2"]
[WhiteElo "2398"]
[BlackElo "2404"]

1.e4 c5 2.Nf3 e6 3.Nc3 Nc6 4.d4 cxd4 5.Nxd4 Qc7 6.Be3 a6 7.Be2 Nf6 8.O-O Bb4
9.Na4 O-O 10.c4 Be7 11.c5 d5 12.Nb6 Rb8 13.exd5 Nxd5 14.Nxd5 exd5 15.Rc1 Bf6
16.Qd2 Be6 17.Rfe1 Rfe8 18.b4 Rbd8 19.Nxc6 Qxc6 20.Bd4 Bxd4 21.Qxd4 Qa4 22.Bd3 Bc8
23.Qb2 g6 24.h3 d4 25.b5 Rxe1+ 26.Rxe1 axb5 27.Bxb5 Qa5 28.Rd1 Bf5 29.a4 d3
30.Qd2 Qxd2 31.Rxd2 Rc8 32.g4 Be6 33.Rxd3 Rxc5 34.Kg2 h5  1/2-1/2

[Event "TCh-CZE 2010-11"]
[Site "Czech Rep CZE"]
[Date "2011.04.17"]
[Round "11.8"]
[White "Kriebel,T"]
[Black "Londyn,R"]
[Result "1-0"]
[WhiteElo "2321"]
[BlackElo "2350"]

1.e4 c5 2.Nf3 e6 3.d4 cxd4 4.Nxd4 Nc6 5.Nc3 a6 6.Be2 Qc7 7.O-O b5 8.Bf3 Bb7
9.Re1 Nxd4 10.Qxd4 Rc8 11.Bg5 h6 12.Bh4 e5 13.Qd2 g5 14.Bg3 Nf6 15.Nd5 Bxd5
16.Bxe5 Qxe5 17.exd5 d6 18.Rxe5+ dxe5 19.d6 Kd7 20.a4 e4 21.Be2 Rc6 22.axb5 Rxd6
23.Qe3 axb5 24.Bxb5+ Ke6 25.Bc4+ Kf5 26.Bxf7 Ng4 27.Bg6+ Rxg6 28.Ra5+ Ne5
29.g4+ Ke6 30.Qxe4  1-0

[Event "Norsk Open A"]
[Site "Fagernes NOR"]
[Date "2011.04.17"]
[Round "5"]
[White "Wibe,P"]
[Black "Andersen,PerO"]
[Result "0-1"]
[WhiteElo "1824"]
[BlackElo "2122"]

1.e4 c5 2.Nf3 e6 3.d4 cxd4 4.Nxd4 Nc6 5.Nc3 Qc7 6.Ncb5 Qb8 7.g3 a6 8.Nxc6 bxc6
9.Nc3 Nf6 10.Bg2 Bc5 11.O-O h5 12.Na4 Ba7 13.h4 Qxg3 14.Qf3 Qxh4 15.Bf4 Qg4
16.c4 Qxf3 17.Bxf3 d5 18.exd5 cxd5 19.Rad1 Bb7 20.Nc3 Ne4 21.cxd5 Nxc3 22.bxc3 O-O
23.Kg2 exd5 24.Bxd5 Bxd5+ 25.Rxd5 g6 26.Rfd1 Bb6 27.Bg5 f6 28.Rd6 Bxf2 29.Bxf6 Bc5
30.Rc6 Rfc8 31.Re6 Kf7 32.Rde1 Re8 33.Rxe8 Rxe8 34.Rxe8 Kxe8 35.Kf3 Kf7 36.Bg5 Ke6
37.Ke4 Be7 38.Be3 h4 39.a4 h3 40.Bf4 Bd6 41.Bxd6 Kxd6 42.Kf3 Kc5 43.Kg3 Kc4
44.Kxh3 Kxc3 45.Kg4 Kb4 46.Kg5 Kxa4 47.Kxg6 Kb3  0-1

[Event "Norsk Open A"]
[Site "Fagernes NOR"]
[Date "2011.04.17"]
[Round "7"]
[White "Kjoita,H"]
[Black "Andersen,PerO"]
[Result "0-1"]
[WhiteElo "1843"]
[BlackElo "2122"]

1.e4 c5 2.Nf3 e6 3.d4 cxd4 4.Nxd4 Nc6 5.Nc3 Qc7 6.Be3 a6 7.Qd2 Nf6 8.O-O-O Bb4
9.f3 O-O 10.g4 b5 11.g5 Ne8 12.h4 Na5 13.h5 Bxc3 14.bxc3 Nc4 15.Bxc4 Qxc4
16.Nb3 a5 17.Bc5 d6 18.Bxd6 Nxd6 19.Qxd6 a4 20.g6 h6 21.gxf7+ Rxf7 22.Nc5 Qxc3
23.Nxe6 Bxe6 24.Qxe6 Rc8 25.Kb1 Qxc2+ 26.Ka1 a3 27.Qb3 Qxb3 28.axb3 Rxf3
29.Ka2 b4 30.Rh2 Rcc3 31.Rd8+ Kf7 32.Rd7+ Kf6 33.Re2 Rce3 34.Rxe3 Rxe3 35.Rd4 Re2+
36.Ka1 Rh2 37.Rxb4 Rxh5 38.Ka2 Re5 39.Kxa3 h5  0-1

[Event "34th Open"]
[Site "Donostia ESP"]
[Date "2011.04.18"]
[Round "3"]
[White "Nyysti,S"]
[Black "Thomassen,T"]
[Result "0-1"]
[WhiteElo "2365"]
[BlackElo "2049"]

1.e4 c5 2.Nf3 e6 3.d4 cxd4 4.Nxd4 Nc6 5.Nc3 Qc7 6.Be3 a6 7.Qd2 Nf6 8.O-O-O Bb4
9.f3 Ne5 10.Nb3 b5 11.Qe1 Rb8 12.f4 Nc4 13.Bd4 Qxf4+ 14.Kb1 e5 15.g3 Qh6
16.Ba7 Ra8 17.Bc5 Bxc5 18.Nxc5 d6 19.Bxc4 dxc5 20.Bd5 Ra7 21.Bc6+ Bd7 22.Qf2 O-O
23.Rd6 Bxc6 24.Qxc5 Bxe4 25.Rf1 Bxc2+ 26.Kxc2 Raa8 27.Qxe5 Ng4 28.Rxh6 Nxe5
29.Rh4 Nc4 30.Re4 Rad8 31.Rf2 Rd6 32.Rfe2 f5 33.Re7 Rfd8 34.b3 Na3+ 35.Kb2 b4
36.Nb1 Nb5 37.R2e5 g6 38.Rb7 R8d7 39.Re7 Rxb7 40.Rxb7 g5 41.Re7 Rh6 42.Re2 Kf7
43.Rf2 Rf6 44.Nd2 Nc3 45.Kc2 Nxa2 46.Kd3 Kg6 47.Kc4 Rc6+ 48.Kd5 Rc2 49.Ne4 Rxf2
50.Nxf2 Nc1 51.Kc4 a5 52.Kb5 Nxb3 53.Nd3 h5 54.Ka4 Nd2 55.Kxa5 b3 56.Kb4 b2
57.Nxb2 Nf1 58.Nd3 Nxh2 59.Nf2 Nf1 60.Nh1 Nxg3 61.Nxg3 h4  0-1

[Event "12th TCh-RUS Women"]
[Site "Olginka RUS"]
[Date "2011.04.18"]
[Round "3"]
[White "Ivkina,O"]
[Black "Munguntuul,B"]
[Result "0-1"]
[WhiteElo "2289"]
[BlackElo "2434"]

1.e4 c5 2.Nf3 e6 3.d4 cxd4 4.Nxd4 Nc6 5.Nc3 a6 6.Be2 Qc7 7.O-O b5 8.Nxc6 dxc6
9.Be3 Nf6 10.f4 b4 11.Na4 c5 12.c3 Rb8 13.cxb4 Rxb4 14.Rc1 Rxe4 15.Bxc5 Bxc5+
16.Nxc5 Rxf4 17.Ne4 Rxf1+ 18.Qxf1 Qb6+ 19.Kh1 Ke7 20.Nxf6 gxf6 21.b4 Qxb4
22.Rc7+ Bd7 23.Bxa6 Rb8 24.h3 Qb1 25.Qxb1 Rxb1+ 26.Kh2 Kd6 27.Rc2 f5 28.Rd2+ Ke7
29.Bc4 Bc6 30.Kg3 Rg1 31.Bb3 Kf6 32.Bd1 f4+ 33.Kxf4 Bxg2 34.h4 Bd5 35.a4 Re1
36.Kg3 Re3+ 37.Kg4 Kg6 38.h5+ Kh6 39.Rb2 f5+ 40.Kf4 Re4+ 41.Kg3 Rd4 42.Rb1 Kg5
43.a5 Rd2  0-1

[Event "XXV Catalunya Open"]
[Site "Barcelona ESP"]
[Date "2011.04.19"]
[Round "4"]
[White "Martin Grillo,R"]
[Black "Buil Montanes,C"]
[Result "1-0"]
[WhiteElo "2239"]
[BlackElo "1903"]

1.e4 c5 2.Nf3 e6 3.d4 cxd4 4.Nxd4 Nc6 5.Nc3 Qc7 6.Be3 a6 7.Qd2 Nf6 8.O-O-O Bb4
9.f3 O-O 10.g4 d6 11.g5 Nd7 12.h4 Nce5 13.f4 Nc4 14.Bxc4 Qxc4 15.Nde2 b5
16.a3 Bc5 17.Bxc5 Nxc5 18.b3  1-0

[Event "34th Open"]
[Site "Donostia ESP"]
[Date "2011.04.19"]
[Round "4"]
[White "Rabineau,C"]
[Black "Franco Alonso,A"]
[Result "0-1"]
[WhiteElo "2291"]
[BlackElo "2489"]

1.e4 c5 2.Nf3 e6 3.d4 cxd4 4.Nxd4 Nc6 5.Nc3 Qc7 6.Be3 a6 7.f4 b5 8.Be2 Bb7
9.Nxc6 Bxc6 10.Bf3 b4 11.Ne2 Nf6 12.Qd4 Qb7 13.Ng3 h5 14.e5 Ng4 15.Ne4 Rc8
16.Bg1 Bd5 17.Qd3 Nh6 18.Bf2 Nf5 19.O-O Qb5 20.Qd2 Rc4 21.Rfe1 Qc6 22.Qd3 h4
23.b3 Rxc2 24.Nd6+ Bxd6 25.Bxd5 Qc5 26.Re2 Rxe2 27.Bxc5 Bxc5+ 28.Kf1 Ng3+
29.hxg3 Rf2+ 30.Ke1 hxg3  0-1

[Event "Branko Vukmanovic Mem Open"]
[Site "Tivat MNE"]
[Date "2011.04.19"]
[Round "4.20"]
[White "Gocheva,R"]
[Black "Trpkovic,M"]
[Result "1/2-1/2"]
[WhiteElo "2131"]
[BlackElo "2009"]

1.e4 c5 2.Nf3 Nc6 3.Nc3 e6 4.d4 cxd4 5.Nxd4 a6 6.Nxc6 bxc6 7.Bd3 Bc5 8.O-O d5
9.Qe2 Ne7 10.Na4 Ba7 11.b3 Ng6 12.Ba3 Ne7 13.Rad1 O-O 14.exd5 cxd5 15.Bb2 Ng6
16.Bxg6 fxg6 17.c4 Rf5 18.Nc3 h6 19.Ne4 Rf7 20.Ng3 a5 21.Qd3 Qg5 22.Bc1 Qf6
23.Be3 Ba6 24.Bxa7 Raxa7 25.Qe3 dxc4 26.Ne4 Qf4 27.Rd8+ Kh7 28.Qxf4 Rxf4
29.Re1 cxb3 30.axb3 Rc7 31.f3 Bb7 32.Nd2 Bd5 33.Kf2 Rb4 34.Ra1 Ra7 35.Rd6 g5
36.Ra4 Rb5 37.Ra3 a4 38.Rxa4 Rxa4 39.bxa4 Ra5 40.Ne4 Rxa4 41.Nc3 Ra5 42.Ke3 Rc5
43.Kd4 Rc6 44.Rxc6 Bxc6 45.Ke5 g4 46.fxg4 Bxg2 47.Kxe6 Bh3 48.Kf5 h5 49.Kg5 Bxg4
50.Ne4  1/2-1/2

[Event "Branko Vukmanovic Mem Open"]
[Site "Tivat MNE"]
[Date "2011.04.19"]
[Round "4.15"]
[White "Bojkovic,N"]
[Black "Potpara,N"]
[Result "1/2-1/2"]
[WhiteElo "2379"]
[BlackElo "2152"]

1.e4 c5 2.Nf3 e6 3.d4 cxd4 4.Nxd4 Nc6 5.Nc3 Qc7 6.Be3 a6 7.Bd3 Nf6 8.O-O Nxd4
9.Bxd4 Bc5 10.Be2 d6 11.Qd2 Bxd4 12.Qxd4 e5 13.Qb4 Be6 14.Rad1 Qc5 15.a3 O-O-O
16.Bf3 g6 17.Rd2 Kc7 18.Rfd1 g5 19.Rd3 Qxb4 20.axb4 Rd7 21.g3 h5 22.Bg2 h4
23.f3 Rg8 24.b3 b5 25.Rf1 Nh5 26.Kf2 h3 27.Bh1 Rc8 28.Nd1 d5 29.exd5 Rxd5
30.Rxd5 Bxd5 31.Ne3 Be6 32.Ra1 Kb6 33.Rd1 a5 34.bxa5+ Kxa5 35.c4 bxc4 36.bxc4 Bxc4
37.Rc1 Kb4 38.Nd5+ Kb3 39.Nb6 Rc6 40.f4 Rxb6 41.Rb1+ Kc3 42.Rxb6 exf4 43.Rh6 fxg3+
44.hxg3 Ng7 45.Rxh3 Kd4 46.Rh7 Nf5  1/2-1/2

[Event "ch-Americas Continental"]
[Site "Toluca MEX"]
[Date "2011.04.19"]
[Round "9"]
[White "De la Paz Perdomo,F"]
[Black "Quesada Perez,Yu"]
[Result "0-1"]
[WhiteElo "2473"]
[BlackElo "2620"]

1.e4 c5 2.Nf3 e6 3.d4 cxd4 4.Nxd4 Nc6 5.Nc3 Qc7 6.Be3 a6 7.Bd3 Nf6 8.O-O b5
9.Nb3 Be7 10.f4 d6 11.Qf3 Bb7 12.Rae1 h5 13.h3 g6 14.Qf2 Nb4 15.Bd4 Nxd3
16.cxd3 O-O 17.a3 Kh7 18.Nd1 Rac8 19.e5 Nd5 20.Ne3 Nxe3 21.Rxe3 Qc2 22.Qxc2 Rxc2
23.Rf2 Rfc8 24.Ree2 Rxe2 25.Rxe2 dxe5 26.fxe5 Bd5 27.Nd2 Rc1+ 28.Nf1 Bh4
29.Bf2 Bg5 30.Be1 Rd1 31.Bd2 Bh4 32.Re3 Kg7 33.Re2 Bg3 34.Re3 h4 35.Re2 Kh7
36.Re3 g5 37.Re2 Kg6 38.Re3 Kf5 39.d4 Bf4 40.Re2 Rxd2  0-1

[Event "34th Open"]
[Site "Donostia ESP"]
[Date "2011.04.20"]
[Round "5"]
[White "Mateo,Ra"]
[Black "Zysko,J"]
[Result "0-1"]
[WhiteElo "2446"]
[BlackElo "2168"]

1.e4 c5 2.Nf3 e6 3.d4 cxd4 4.Nxd4 Nc6 5.Nc3 Qc7 6.Nb3 a6 7.Bd3 b5 8.O-O Nf6
9.a3 Bb7 10.Kh1 Be7 11.Qe1 O-O 12.Bg5 Ng4 13.f4 Bxg5 14.Qg3 Bxf4 15.Rxf4 Nf6
16.Qf2 Ne5 17.Rf1 Ng6 18.Rf3 Ng4 19.Qg1 Rac8 20.Rg3 N4e5 21.Nd4 Qc5 22.Qf2 Nc6
23.Nce2 e5 24.Nf5 Qxf2 25.Rxf2 Nce7 26.Nd6 Rc7 27.c4 Nc8 28.Nxb7 Rxb7 29.cxb5 axb5
30.Nc3 b4 31.axb4 Rxb4 32.Nd5 Rd4 33.h4 Nce7 34.h5 Nxd5 35.hxg6 Nf6 36.gxh7+ Kxh7
37.Rf5 d6 38.Kh2 Rb8 39.Rf2 Rb3 40.Bc2 Rxb2 41.Kg1 Rc4 42.Bd3 Rc1+ 43.Rf1 Rxf1+
44.Kxf1 g6 45.Rf3 Kg7 46.g3 d5 47.Re3 Ng4 48.Re2 Rxe2 49.Kxe2 dxe4 50.Bxe4 f5
51.Bc6 Kf6 52.Be8 Kg5 53.Kf3 Nf6 54.Bf7 Ne4 55.Be8 Nd6 56.Ba4 e4+ 57.Kf2 Kg4
58.Kg2 Nc4 59.Bd1+ Kg5 60.Kf2 Kf6 61.Be2 Nd6 62.Bd1 Ke5 63.Bb3 Kd4 64.Ke2 e3
65.Bc2 Ne4 66.Kf3 Nxg3  0-1

[Event "34th Open"]
[Site "Donostia ESP"]
[Date "2011.04.20"]
[Round "5"]
[White "Hansen,TR"]
[Black "Martin Alvarez,I"]
[Result "1/2-1/2"]
[WhiteElo "2459"]
[BlackElo "2316"]

1.e4 c5 2.Nf3 Nc6 3.d4 cxd4 4.Nxd4 e6 5.Nc3 Qc7 6.Be3 a6 7.Bd3 Nf6 8.O-O Nxd4
9.Bxd4 Bc5 10.Bxc5 Qxc5 11.Re1 d6 12.Qd2 Bd7 13.Re3 h6 14.e5 dxe5 15.Rae1 Bc6
16.Rxe5 Qb4 17.Ne4 Qxd2 18.Nxd2 O-O 19.Nb3 b5 20.Nd4 Bd5 21.a3 Rfd8 22.f3 Rac8
23.c3 Nd7 24.R5e3 Bc4 25.Bc2 Nb8 26.Rd1 Nc6 27.Nxc6 Rxd1+ 28.Bxd1 Rxc6 29.Kf2 Rd6
30.Ke1 g5 31.Be2 f5 32.b4 f4 33.Re4 Bd5 34.Rd4 Rc6 35.Kd2 Kf7 36.a4 Rb6 37.Kc2 Ke7
38.axb5 axb5 39.Rd1 Ra6 40.Rb1 Ra2+ 41.Rb2 Rxb2+ 42.Kxb2 g4 43.Kc2 e5 44.Kd2 Kd6
45.fxg4 Bxg2 46.Bxb5 e4 47.h4 Ke5 48.Bd7 e3+ 49.Ke2 Bd5 50.Bf5 h5 51.Bd7 Bc4+
52.Kf3 Bd5+ 53.Ke2 Bc4+ 54.Kf3 Bd5+ 55.Ke2 Bc4+  1/2-1/2

[Event "Joao Braga Open"]
[Site "Sao Paolo BRA"]
[Date "2011.04.20"]
[Round "1.1"]
[White "Chiari,A"]
[Black "Leitao,R"]
[Result "0-1"]
[WhiteElo "1969"]
[BlackElo "2620"]

1.e4 c5 2.Nf3 Nc6 3.d4 cxd4 4.Nxd4 e6 5.Nc3 a6 6.Be2 Qc7 7.Be3 Nf6 8.O-O Be7
9.f4 d6 10.Bf3 O-O 11.a4 Re8 12.Nb3 Nd7 13.g4 b6 14.g5 Bb7 15.Bg4 Bf8 16.Rf3 Nb4
17.Rh3 g6 18.Rc1 Nc5 19.Nxc5 bxc5 20.Qe1 d5 21.Qh4 h6 22.Ne2 d4 23.Bd2 Bxe4
24.gxh6 Kh7 25.Ng3 Be7 26.Nxe4 Bxh4 27.Rxh4 Nd5 28.c4 Ne3 29.Nf6+ Kh8 30.Bxe3 dxe3
31.Nxe8 Qxf4 32.Rf1 e2  0-1

[Event "Joao Braga Open"]
[Site "Sao Paolo BRA"]
[Date "2011.04.20"]
[Round "1.3"]
[White "Oliveira,Maicon Almeida De"]
[Black "Mekhitarian,K"]
[Result "0-1"]
[WhiteElo "1963"]
[BlackElo "2529"]

1.e4 c5 2.Nf3 e6 3.d4 cxd4 4.Nxd4 Nc6 5.Nc3 a6 6.Be3 Nf6 7.Be2 Bb4 8.Qd3 Ne5
9.Qd1 Nxe4 10.O-O Nxc3 11.bxc3 Bxc3 12.Rb1 O-O 13.f4 Nc6 14.f5 exf5 15.Nxf5 d5
16.Bc5 Re8 17.Nd6 Bd4+ 18.Bxd4 Qxd6 19.Bf3 b5 20.Bf2 Be6 21.Re1 Rad8 22.Qd2 Ne5
23.Rbd1 Nxf3+ 24.gxf3 h6 25.Kh1 d4 26.Rg1 Bd5 27.Rg3 Qf6 28.Bxd4 Bxf3+ 29.Kg1 Bxd1  0-1

[Event "Joao Braga Open"]
[Site "Sao Paolo BRA"]
[Date "2011.04.20"]
[Round "1.34"]
[White "Madeira,W"]
[Black "De Paula,L"]
[Result "1-0"]
[WhiteElo "2212"]
[BlackElo "1733"]

1.e4 c5 2.Nf3 e6 3.d4 cxd4 4.Nxd4 Nc6 5.Nc3 d6 6.Be3 Nf6 7.f3 Be7 8.Qd2 O-O
9.O-O-O d5 10.exd5 Nxd5 11.Nxd5 Qxd5 12.Nxc6 Qxc6 13.Bd3 e5 14.Qa5 Bd6 15.Be4 Bc7
16.Qc5 Qxc5 17.Bxc5 Re8 18.a3 a6 19.Rd3 Rb8 20.Rhd1 Be6 21.Bd6 Bxd6 22.Rxd6 f5
23.Bd5 Bxd5 24.R6xd5 Kf7 25.f4 Kf6 26.fxe5+ Rxe5 27.Rxe5 Kxe5 28.Rd7 Kf6
29.Kd2 h6 30.Kd3 g6 31.Rd6+ Kg5 32.c4 f4 33.b4 Re8 34.Kd2 Re3 35.Rd3 Re7
36.c5 Kf5 37.a4 g5 38.Rd5+ Re5 39.Rd7 g4 40.Rxb7 f3 41.gxf3 gxf3 42.Rf7+ Kg4
43.c6 Re2+ 44.Kd3 Re6 45.b5  1-0

[Event "15th Neckar Open"]
[Site "Deizisau GER"]
[Date "2011.04.21"]
[Round "1"]
[White "Lampert,J"]
[Black "Naiditsch,A"]
[Result "0-1"]
[WhiteElo "2130"]
[BlackElo "2684"]

1.e4 c5 2.Nf3 Nc6 3.d4 cxd4 4.Nxd4 e6 5.Nc3 Qc7 6.Be3 a6 7.Be2 b5 8.O-O Bb7
9.Nxc6 Bxc6 10.Qd4 b4 11.Nb1 e5 12.Qd3 Nf6 13.f3 d5 14.exd5 Nxd5 15.c4 Nxe3
16.Qxe3 Bb7 17.Kh1 Rd8 18.Rd1 Bc5 19.Rxd8+ Kxd8 20.Qd3+ Ke7 21.Nd2 Rd8 22.Qc2 Ba7
23.Rd1 Qb6 24.Nb3 Rxd1+ 25.Qxd1 Qe3 26.Qf1 g5 27.Bd1 Bb6 28.Bc2 h5 29.Qc1 Qxf3
30.Qxg5+ Qf6 31.Qxf6+ Kxf6 32.c5 Ba7 33.Nd2 Bd5 34.Ne4+ Ke6 35.c6 Bxc6 36.Bb3+ Kf5
37.Ng3+ Kg5 38.Bxf7 h4 39.Ne2 h3  0-1

[Event "34th Open"]
[Site "Donostia ESP"]
[Date "2011.04.21"]
[Round "6"]
[White "Argandona Riveiro,I"]
[Black "Suarez Garcia,C"]
[Result "1-0"]
[WhiteElo "2389"]
[BlackElo "2177"]

1.e4 c5 2.Nf3 e6 3.d4 cxd4 4.Nxd4 Nc6 5.Nc3 Qc7 6.Be3 a6 7.Qd2 Nf6 8.f3 Bb4
9.O-O-O Ne5 10.Kb1 O-O 11.Nb3 Rb8 12.Ba7 Ra8 13.Bd4 Be7 14.f4 Nc4 15.Qd3 b5
16.e5 Ne8 17.Qh3 f5 18.exf6 Bxf6 19.Bd3 g6 20.f5 gxf5 21.g4 Bb7 22.Rhg1 e5
23.Bxf5 d6 24.g5 Bd8 25.Rdf1 Qg7 26.Bxh7+  1-0

[Event "Joao Braga Open"]
[Site "Sao Paolo BRA"]
[Date "2011.04.21"]
[Round "3.32"]
[White "Jonas,T"]
[Black "Mandetta,J"]
[Result "1/2-1/2"]
[WhiteElo "1838"]
[BlackElo "2138"]

1.e4 c5 2.Nf3 Nc6 3.d4 cxd4 4.Nxd4 e6 5.Nc3 d6 6.Be2 Nf6 7.O-O Be7 8.Be3 O-O
9.Nb3 a6 10.f4 b5 11.a3 Nd7 12.Bf3 Qc7 13.Qe2 Nb6 14.Nd2 Bb7 15.Qf2 Nd7 16.Nb3 Rfe8
17.Rad1 Bf8 18.f5 Nde5 19.Be2 Rac8 20.Qg3 Na5 21.Nxa5 Qxa5 22.f6 g6 23.Qh3 d5
24.Bh6 Bc5+ 25.Kh1 b4 26.axb4 Qxb4 27.Rf4 Be3 28.Rff1 Bxh6 29.Qxh6 Qf8 30.Qxf8+ Kxf8
31.exd5 exd5 32.Rf4 Nc4 33.Bxc4 dxc4 34.h3 Re6 35.Rdd4 Rb6 36.Na4 Re6 37.Nc3 h5
38.Ne4 Bxe4 39.Rdxe4 Rxe4 40.Rxe4 Rc6 41.Rd4 Kg8 42.h4 Kh7  1/2-1/2

[Event "Joao Braga Open"]
[Site "Sao Paolo BRA"]
[Date "2011.04.21"]
[Round "3.3"]
[White "Bassan,R"]
[Black "Mekhitarian,K"]
[Result "1/2-1/2"]
[WhiteElo "2291"]
[BlackElo "2529"]

1.e4 c5 2.Nf3 Nc6 3.d4 cxd4 4.Nxd4 e6 5.Nc3 Qc7 6.Be2 a6 7.O-O Nf6 8.Be3 d6
9.f4 Be7 10.Nb3 O-O 11.Qe1 b5 12.Bf3 Bb7 13.Qf2 Rac8 14.a3 Nd7 15.Rad1 Rfd8
16.Bg4 Re8 17.Qg3 Bf8 18.Qh3 Nf6 19.Bf3 b4 20.axb4 Nxb4 21.Rd2 e5 22.fxe5 dxe5
23.g4 Rcd8 24.Rdf2 Nd7 25.g5 Re7 26.Bg4 Rde8 27.Rd1 Bc8 28.Rfd2 Nb6 29.Bxc8 Rxc8
30.Bxb6 Qxb6+ 31.Kh1 Ree8 32.Qf5 g6 33.Qf2 Qxf2 34.Rxf2 Red8 35.Rdf1 Rd7
36.h4 h6 37.Kg2 hxg5 38.hxg5 Rb8 39.Na5 Bc5 40.Re2 Re8 41.Nc4 Bd4 42.Nd1 Ba7
43.Nf2 Bxf2 44.Rexf2 Kg7 45.b3 Ree7 46.Ra1 Ra7 47.Ra5 Nc6 48.Rc5 Nd4 49.Nxe5 Rac7
50.Rxc7 Rxc7 51.Nc4 Ne6 52.Nd6 Kf8 53.c4 Nxg5 54.b4 Ke7 55.c5 a5 56.bxa5 Rxc5
57.Nb7 Rc6 58.Ra2 Ra6 59.Nc5 Ra7 60.a6 Kd6 61.Rc2  1/2-1/2

[Event "Joao Braga Open"]
[Site "Sao Paolo BRA"]
[Date "2011.04.21"]
[Round "3.3"]
[White "Bassan,R"]
[Black "Mekhitarian,K"]
[Result "1/2-1/2"]
[WhiteElo "2291"]
[BlackElo "2529"]

1.e4 c5 2.Nf3 Nc6 3.d4 cxd4 4.Nxd4 e6 5.Nc3 Qc7 6.Be2 a6 7.O-O Nf6 8.Be3 d6
9.f4 Be7 10.Nb3 O-O 11.Qe1 b5 12.Bf3 Bb7 13.Qf2 Rac8 14.a3 Nd7 15.Rad1 Rfd8
16.Bg4 Re8 17.Qg3 Bf8 18.Qh3 Nf6 19.Bf3 b4 20.axb4 Nxb4 21.Rd2 e5 22.fxe5 dxe5
23.g4 Rcd8 24.Rdf2 Nd7 25.g5 Re7 26.Bg4 Rde8 27.Rd1 Bc8 28.Rfd2 Nb6 29.Bxc8 Rxc8
30.Bxb6 Qxb6+ 31.Kh1 Ree8 32.Qf5 g6 33.Qf2 Qxf2 34.Rxf2 Red8 35.Rfd2  1/2-1/2

[Event "Joao Braga Open"]
[Site "Sao Paolo BRA"]
[Date "2011.04.21"]
[Round "3.8"]
[White "Gisclan,H"]
[Black "Molina,Rob"]
[Result "1-0"]
[WhiteElo "2255"]
[BlackElo "2428"]

1.e4 c5 2.Nf3 Nc6 3.Nc3 e6 4.d4 cxd4 5.Nxd4 Qc7 6.Be2 a6 7.O-O Nf6 8.Be3 Be7
9.f4 d6 10.Nxc6 bxc6 11.Bf3 O-O 12.Na4 d5 13.e5 Nd7 14.c4 Rb8 15.Rc1 Qd8
16.c5 Kh8 17.Bd4 f6 18.g3 fxe5 19.fxe5 Bg5 20.Rc3 Qe7 21.a3 a5 22.Be2 Rxf1+
23.Qxf1 Nf8 24.Rf3 Kg8 25.Bd3 g6 26.h4 Bh6 27.h5 Bd7 28.hxg6 hxg6 29.Qh3 Bg5
30.Qg4 Be8 31.Nb6 Nh7 32.Rf2 Kg7 33.Rh2 Bf7 34.Qh3 Bg8 35.Rf2 Bh6 36.Qg4 Qg5
37.Qxg5 Nxg5 38.Kg2 Nf7 39.Nd7 Rd8 40.Nf6 Bg5 41.Ng4 Be7 42.Bc2 Rb8 43.Ba4 Rc8
44.Rf3 Ng5 45.Rb3 Rc7 46.Nf2 Bf7 47.Rb6 Be8 48.Ra6 Bd7 49.Rxa5 Kf7 50.b4 Bf8
51.Ra8 Bg7 52.Bc2 Nh7 53.Bd3 Nf8 54.Ba6 Be8 55.a4 Nd7 56.Nd3 Bf8 57.a5 Be7
58.Bc8 g5 59.a6 Kg7 60.Bb7 Bg6 61.Nf2  1-0

[Event "Branko Vukmanovic Mem Open"]
[Site "Tivat MNE"]
[Date "2011.04.21"]
[Round "6.23"]
[White "Draskovic,L"]
[Black "Trpkovic,M"]
[Result "1-0"]
[WhiteElo "2129"]
[BlackElo "2009"]

1.e4 c5 2.Nf3 Nc6 3.d4 cxd4 4.Nxd4 e6 5.Nc3 Bc5 6.Nb3 Bb6 7.Bd3 Nge7 8.O-O O-O
9.Kh1 f5 10.f4 Rf6 11.e5 Rh6 12.Qe2 Nd5 13.g3 Nxc3 14.bxc3 Rg6 15.Be3 Bxe3
16.Qxe3 b6 17.Be2 Bb7 18.Bf3 Qc7 19.Rad1 Rd8 20.Rd6 Kf8 21.Rfd1 Ke7 22.Kg1 Nb8
23.Nd4 a6 24.Bxb7 Qxb7 25.Rb1 b5 26.c4 b4 27.c5 h5 28.Nxf5+ Kf7 29.Nh4 Rh6
30.Rf1 Kg8 31.f5 Rf8 32.f6 Rh7 33.Rd2 Nc6 34.Rdf2 Nd8 35.fxg7 Rf7 36.Ng6 Rhxg7
37.Qh6 Rxf2 38.Qh8+  1-0

[Event "Branko Vukmanovic Mem Open"]
[Site "Tivat MNE"]
[Date "2011.04.21"]
[Round "6.18"]
[White "Kosoric,L"]
[Black "Kragelj,I"]
[Result "0-1"]
[WhiteElo "2103"]
[BlackElo "2207"]

1.e4 c5 2.Nf3 e6 3.Nc3 Nc6 4.d4 cxd4 5.Nxd4 Qc7 6.Be2 a6 7.a3 Nf6 8.O-O Nxd4
9.Qxd4 Bd6 10.g3 Be5 11.Qd3 b5 12.Nd1 Bb7 13.Bf3 Rc8 14.Ne3 Qc6 15.Re1 h5
16.c3 d6 17.Nf1 Nd7 18.Bf4 h4 19.Nd2 hxg3 20.hxg3 Qb6 21.Be3 Qc7 22.Bg2 Bf6
23.f4 Nc5 24.Qe2 Qb8 25.Rad1 Qa8 26.Bd4 e5 27.fxe5 dxe5 28.Bf2 Be7 29.Qg4 g6
30.Nf1 Kf8 31.b4 Na4 32.Rd7 Rxc3 33.Rxe7 Kxe7 34.Qg5+ f6 35.Qg4 Qc8 36.Qe2 Kf7
37.Ne3 Kg7 38.Qa2 Rc1 39.Qe2 Nc3 40.Qd2 Rxe1+ 41.Qxe1 Bxe4 42.Bxe4 Nxe4 43.Nf1 Qf5  0-1

[Event "Joao Braga Open"]
[Site "Sao Paolo BRA"]
[Date "2011.04.22"]
[Round "4.3"]
[White "Rodi,L"]
[Black "Di Berardino,D"]
[Result "1-0"]
[WhiteElo "2359"]
[BlackElo "2480"]

1.e4 c5 2.Nc3 e6 3.Nf3 Nc6 4.d4 cxd4 5.Nxd4 a6 6.Be3 Nf6 7.f4 Bb4 8.Bd3 d6
9.Nxc6 bxc6 10.O-O e5 11.Na4 Ba5 12.h3 Nd7 13.Bc4 Qe7 14.Qd3 O-O 15.Rad1 Bc7
16.f5 h6 17.Rd2 Nf6 18.g4 Bb7 19.Bb3 d5 20.g5 hxg5 21.Bxg5 Qd6 22.Nc3 a5
23.exd5 e4 24.Nxe4 Nxe4 25.Qxe4 cxd5 26.Bxd5 Qb6+ 27.Be3 Bxd5 28.Rxd5 Qxb2
29.f6 Rfe8 30.Qg2 g6 31.Rg5 Kh7 32.Rh5+ Kg8 33.Qg5  1-0